|
|
|
|
| LEADER |
01449nam a22003497a 4500 |
| 001 |
34675 |
| 003 |
BD-DhAAL |
| 005 |
20211118131114.0 |
| 008 |
190520r20182017xxua|||| b||| 001 0 eng d |
| 999 |
|
|
|c 40690
|d 40690
|
| 020 |
|
|
|a 9789385923876
|
| 040 |
|
|
|a BD-DhAAL
|
| 082 |
|
|
|a 624.180954
|2 21
|
| 100 |
|
|
|a Jagadish, K S
|9 31672
|
| 245 |
|
|
|a Alternative building materials and technologies /
|c K S Jagadish; B V Venkatarama Reddy and K S Nanjunda Rao
|
| 250 |
|
|
|a Second edition
|
| 260 |
|
|
|a India :
|b New age International (P) Limited, Publishers,
|c c2017 [reprint 2018]
|
| 300 |
|
|
|a ix, 218 pages :
|b illustrations ;
|c 24 cm.
|
| 504 |
|
|
|a Includes bibliographical references and index.
|
| 526 |
|
|
|a ARC
|
| 541 |
|
|
|a HYE Trade International
|e 34675
|
| 650 |
|
|
|a Architectural design
|9 31673
|
| 650 |
|
|
|a Building materials
|9 31674
|
| 650 |
|
|
|a Building materials
|z India.
|9 31675
|
| 650 |
|
|
|a Building materials
|x Environmental aspects
|z India.
|9 31676
|
| 650 |
|
|
|a Building materials industry
|z India.
|9 31677
|
| 650 |
|
|
|a Architecture
|9 42832
|
| 700 |
|
|
|a Reddy, B V Venkatarama
|9 31678
|
| 700 |
|
|
|a Nanjunda Rao, K S
|9 31679
|
| 852 |
|
|
|a Ayesha Abed Library
|c General Stacks
|
| 942 |
|
|
|2 ddc
|c BK
|
| 952 |
|
|
|0 0
|1 0
|2 ddc
|4 0
|6 624_180954000000000_JAG
|7 0
|9 65475
|a BRACUL
|b BRACUL
|c GEN
|d 2019-05-09
|e Hye Trade International
|g 437.00
|l 0
|o 624.180954 JAG
|p 3010034675
|r 2019-05-09
|t 1
|v 437.00
|w 2019-05-09
|y BK
|x Transferred from ARC to BRACUL on 28/12/2023
|